Les équipe de la ligue américaine de hockey - Statistiques

Statistiques générales
  • Ce quiz a été pris 70 fois
  • Le résultat moyen est 13 sur 30
Statistiques - réponses
Ville Équipe % Correct
Laval Rocket
95%
Texas Stars
67%
Hershey Bears
61%
Toronto Marlies
59%
Belleville Senators
59%
Utica Comets
56%
Syracuse Crunch
56%
Manitoba Moose
51%
Iowa Wild
49%
Wilkes-Barrie/Scranton Penguins
48%
Cleveland Monsters
43%
Lehigh Valley Phantoms
43%
Rochester Americans
41%
San Jose Barracuda
41%
Charlotte Checkers
41%
Ontario Reign
38%
Tucson Roadrunners
38%
Colorado Eagles
36%
Grand Rapids Griffins
36%
Chicago Wolves
36%
Milwaukee Admirals
34%
Bakersfield Condors
33%
San Diego Gulls
31%
Springfield Thunderbirds
31%
Hartford Wolf Pack
31%
Stockton Heat
28%
San Antonio Rampage
26%
Rockford Icehogs
25%
Binghamton Devils
21%
Bridgeport Sound Tigers
16%
Aucun quiz correspondant
Distribution des résultats
% des personnes avec chaque résultat
Percentile par nombre de réponses
Votre historique - résultats
Vous n’avez pas pris ce quiz